Rulers of Istanbul - Statistics

General Stats
  • This quiz has been taken 48 times
  • The average score is 12 of 17
Answer Stats
Year Ruler % Correct
1453 - 1918 Ottoman Empire
100%
1923 - Present Turkey
100%
196 BCE - 330 Roman Empire
95%
1918 - 1923 British Empire
92%
330 - 1204 Byzantine Empire
92%
1261 - 1453 Byzantine Empire
92%
335 BCE - 323 BCE Macedonian Empire
92%
1918 - 1923 France
84%
1919 - 1923 Italy
73%
1204 - 1261 Latin Empire
73%
513 BCE - 479 BCE Persian Empire
70%
408 BCE - 404 BCE Athens
54%
411 BCE - 408 BCE Sparta
49%
657 BCE - 513 BCE Byzantium
46%
479 BCE - 411 BCE Byzantium
46%
404 BCE - 335 BCE Byzantium
46%
323 BCE - 196 BCE Hellenistic Kingdoms
24%
No matching quizzes found
Score Distribution
Percent of People with Each Score
Percentile by Number Answered
Your Score History
You have not taken this quiz